Tree morphology and taxonomy / (Record no. 759125)

MARC details
000 -LEADER
fixed length control field 00343nam a22001337a 4500
020 ## - INTERNATIONAL STANDARD BOOK NUMBER
ISBN 9788119523665
082 ## - DEWEY DECIMAL CLASSIFICATION NUMBER
Classification number 580.12 TON.T
100 ## - MAIN ENTRY--AUTHOR NAME
Personal name Jansohn, Toni
245 ## - TITLE STATEMENT
Title Tree morphology and taxonomy /
260 ## - PUBLICATION, DISTRIBUTION, ETC. (IMPRINT)
Place of publication Darya Ganj :
Name of publisher Discovery publishing house ,
Year of publication c2024.
300 ## - PHYSICAL DESCRIPTION
Number of Pages 260 p.
942 ## - ADDED ENTRY ELEMENTS (KOHA)
Source of classification or shelving scheme Dewey Decimal Classification
Koha item type Book
Holdings
Withdrawn status Lost status Source of classification or shelving scheme Damaged status Not for loan Home Library Current Location Shelving location Date acquired Source of acquisition Full call number Accession Number Price effective from Koha item type
    Dewey Decimal Classification     Dept. of Botany Dept. of Botany General Stacks 27/04/2026 Southern book star 580.12 TON.T BOT10972 27/04/2026 Book